000 00645nam a22002537a 4500
001 27280
003 UA-OsUOA
005 20230115134754.0
007 ta
008 20040623b un ||||| |||| 00| 0 ukr d
020 _a5-244-00906-0
040 _aUA-OsUOA
_brus
_cUA-OsUOA
_dUA-OsUOA
041 _arus
044 _aRU
080 _a7.01
090 _a7.01
_bШ44
100 _aШеллинг Ф. В.
245 _aФилософия искусства
_cФ.В. Шеллинг ; ред. М. Ф. Овсянников
260 _aМосква
_bМысль
_c1999
300 _a608 с.
650 7 _2UDC
942 _cBK
_2udc
955 _a0
999 _c313624
_d313624